| 000 | 00973nam0a2200301 4500 | ||
|---|---|---|---|
| 001 | RU\NLR\bibl\1035286 | ||
| 005 | 20250615002024.0 | ||
| 010 |
_a5-05-006515-1 _950000 |
||
| 021 |
_aRU _b2006-80817 _94098 |
||
| 035 | _a(NLR Aleph) 001022723 | ||
| 090 |
_a708817 _c708817 |
||
| 100 | _a20070124d2006 |||y0rusy50 ca | ||
| 101 | 1 |
_arus _ceng |
|
| 102 | _aRU | ||
| 105 | _ay ||||||||| | ||
| 200 | 1 |
_aКак-то раз на Рождество... _eроман _fБарбара Ханней _gпер. с англ. [Т. Трушовой] |
|
| 210 |
_aМосква _cРадуга _d2006 |
||
| 215 |
_a142, [1] с. _d16 |
||
| 225 | 1 |
_aЛюбовный роман _v1399 |
|
| 225 | 1 | _aHarlequin | |
| 686 | _aШ6(4Вл)67-440.4{Лх1299-50} | ||
| 700 | 1 |
_4070 _7ca _8rus _aХанней _bБ. _gБарбара _9209078 _3RU\NLR\AUTH\770209132 |
|
| 801 | 0 |
_aRU _bNLR _c20070124 _gRCR |
|
| 801 | 1 |
_aRU _bNLR _c20070124 |
|
| 942 | _cBOOK | ||
| 980 | _aNB | ||